<?xml version="1.0" encoding="UTF-8"?>
<record
    xmlns:xsi="http://www.w3.org/2001/XMLSchema-instance"
    xsi:schemaLocation="http://www.loc.gov/MARC21/slim http://www.loc.gov/standards/marcxml/schema/MARC21slim.xsd"
    xmlns="http://www.loc.gov/MARC21/slim">

  <leader>00472cam a2200145   4500</leader>
  <controlfield tag="005">20161114131800.0</controlfield>
  <controlfield tag="008">      s1970    mx                  spa  </controlfield>
  <datafield tag="050" ind1="0" ind2="0">
    <subfield code="a">HC133 </subfield>
    <subfield code="b">M63 1970</subfield>
  </datafield>
  <datafield tag="245" ind1="1" ind2="3">
    <subfield code="a">Un Modelo de pol&#xED;tica econ&#xF3;mica para M&#xE9;xico /</subfield>
    <subfield code="c">Escuela Nacional de Econom&#xED;a, Divisi&#xF3;n de Estudios Superiores.</subfield>
  </datafield>
  <datafield tag="260" ind1=" " ind2=" ">
    <subfield code="a">M&#xE9;xico :</subfield>
    <subfield code="b">UNAM,</subfield>
    <subfield code="c">1970</subfield>
  </datafield>
  <datafield tag="300" ind1=" " ind2=" ">
    <subfield code="a">125 p. ;</subfield>
    <subfield code="c">23 cm.</subfield>
  </datafield>
  <datafield tag="500" ind1=" " ind2=" ">
    <subfield code="a">1 ejemplar</subfield>
  </datafield>
  <datafield tag="650" ind1="1" ind2="0">
    <subfield code="a">Econom&#xED;a </subfield>
    <subfield code="x">Historia </subfield>
    <subfield code="x">M&#xE9;xico</subfield>
  </datafield>
  <datafield tag="942" ind1=" " ind2=" ">
    <subfield code="2">lcc</subfield>
    <subfield code="c">LIB</subfield>
  </datafield>
  <datafield tag="999" ind1=" " ind2=" ">
    <subfield code="c">96963</subfield>
    <subfield code="d">96963</subfield>
  </datafield>
  <datafield tag="952" ind1=" " ind2=" ">
    <subfield code="1">0</subfield>
    <subfield code="2">lcc</subfield>
    <subfield code="4">0</subfield>
    <subfield code="7">0</subfield>
    <subfield code="a">BACH-006</subfield>
    <subfield code="b">BACH-006</subfield>
    <subfield code="c">GENERAL</subfield>
    <subfield code="d">2019-03-11</subfield>
    <subfield code="f">1a. ed</subfield>
    <subfield code="i">NMS</subfield>
    <subfield code="k">CSA</subfield>
    <subfield code="o">HC133 M63 1970 </subfield>
    <subfield code="p">PIA000000834</subfield>
    <subfield code="r">2019-03-11 00:00:00</subfield>
    <subfield code="t">C.1</subfield>
    <subfield code="y">LIB</subfield>
  </datafield>
</record>
